Decay of timber and its prevention (Record no. 95067)

MARC details
000 -LEADER
fixed length control field 00476cam a2200205 4500
001 - CONTROL NUMBER
control field D2205
008 - FIXED-LENGTH DATA ELEMENTS--GENERAL INFORMATION
fixed length control field 090401t1958 xxu||||| |||| 00| 0 eng d
035 ## - SYSTEM CONTROL NUMBER
System control number (Sirsi) u68038
041 ## - LANGUAGE CODE
Language code of text/sound track or separate title eng
050 ## - LIBRARY OF CONGRESS CALL NUMBER
Classification number 694.012
100 ## - MAIN ENTRY--PERSONAL NAME
Personal name Cartwright, K.St.G
245 ## - TITLE STATEMENT
Title Decay of timber and its prevention
250 ## - EDITION STATEMENT
Edition statement 2nd
260 ## - PUBLICATION, DISTRIBUTION, ETC.
Place of publication, distribution, etc. London
Name of publisher, distributor, etc. HMSO
Date of publication, distribution, etc. 1958
300 ## - PHYSICAL DESCRIPTION
Extent xv. 332p. ill. 24cm
350 ## - PRICE (NR) (BK AM CF MU VM SE) [OBSOLETE]
Price 1.35
700 ## - ADDED ENTRY--PERSONAL NAME
Personal name Findlay, W.P.K.
942 ## - ADDED ENTRY ELEMENTS (KOHA)
Suppress in OPAC 0
948 ## - LOCAL PROCESSING INFORMATION (OCLC); SERIES PART DESIGNATOR (RLIN)
c (OCLC) 04/03/1997
Holdings
Withdrawn status Lost status Source of classification or shelving scheme Damaged status Not for loan Home library Current library Shelving location Date acquired Cost, normal purchase price Total Checkouts Full call number Barcode Date last seen Date last checked out Copy number Cost, replacement price Price effective from Koha item type
    Dewey Decimal Classification     London London Books 14/09/1999 1.35 2 694.012 30023826 06/08/2019 27/01/2005 1 1.35 06/08/2019 Book